[Event "First Saturday 2011 aprilis GM"]
[Site "Budapest"]
[Date "2011.04.02"]
[Round "1"]
[White "Vajda, Levente"]
[Black "Natsidis, Christoph"]
[Result "1/2-1/2"]
[WhiteElo "2508"]
[BlackElo "2329"]
[PlyCount "108"]
[EventDate "2011.04.02"]

1. e4 c6 2. c4 e5 3. Nf3 d6 4. d4 Nd7 5. Nc3 Ngf6 6. Be2 Be7 7. O-O O-O 8. Qc2
a6 9. Rd1 Qc7 10. h3 b5 11. a3 Bb7 12. Be3 Rac8 13. Rac1 Rfe8 14. Qb1 Qb8 15.
b4 exd4 16. Nxd4 Ne5 17. Nf5 Bf8 18. c5 d5 19. exd5 cxd5 20. Bf4 Nf3+ 21. Bxf3
Qxf4 22. Bxd5 Nxd5 23. Nxd5 Qg5 24. Rc3 Re5 25. Nde3 Be4 26. f4 Bxb1 27. fxg5
Bxf5 28. Nxf5 Rxf5 29. Rd7 Rxg5 30. c6 Re5 31. Ra7 Bd6 32. Rd3 Re6 33. Rxa6 Be5
34. a4 bxa4 35. b5 f6 36. c7 Ree8 37. b6 Bxc7 38. bxc7 Rxc7 39. Rxa4 Rce7 40.
Rad4 h6 41. Rd8 Kf7 42. Rxe8 Rxe8 43. Kf2 Re6 44. h4 h5 45. g3 Re4 46. Rd7+ Kg6
47. Ra7 Kh6 48. Kf3 Rg4 49. Ra5 g5 50. hxg5+ Rxg5 51. Ra8 Kg7 52. Rb8 Ra5 53.
Rc8 Rg5 54. Ra8 Rb5 1/2-1/2

[Event "First Saturday 2011 aprilis GM"]
[Site "Budapest"]
[Date "2011.04.02"]
[Round "1"]
[White "D'Costa, Lorin"]
[Black "Antipov, Mikhail Al"]
[Result "1/2-1/2"]
[WhiteElo "2441"]
[BlackElo "2379"]
[PlyCount "150"]
[EventDate "2011.04.02"]

1. d4 Nf6 2. c4 c6 3. Nf3 d5 4. e3 Bf5 5. Nc3 e6 6. Nh4 Be4 7. f3 Bg6 8. Qb3
Qb6 9. Nxg6 hxg6 10. g3 Nbd7 11. Bd2 Bd6 12. Kf2 Qxb3 13. axb3 a6 14. Kg2 O-O-O
15. Be2 e5 16. Rad1 Rhe8 17. Rhe1 Bc7 18. f4 exd4 19. exd4 Nf8 20. cxd5 cxd5
21. Bf3 Rxe1 22. Bxe1 Ne6 23. h4 b5 24. Bf2 Kb7 25. Re1 Bb6 26. Re5 Kc6 27. Ne2
Bc7 28. Re3 b4 29. Bg1 Rd7 30. Bh2 Bb6 31. Rd3 Ne4 32. g4 f5 33. Kf1 Rf7 34. g5
Bc7 35. Kg2 Rf8 36. h5 Rh8 37. hxg6 N6xg5 38. Bxe4 fxe4 39. Rd1 Nf3 40. Bg3
Nh4+ 41. Bxh4 Rxh4 42. Rc1+ Kb7 43. Rc5 Rg4+ 44. Kf2 Bxf4 45. Rxd5 Bc7 46. Ke3
Rxg6 47. Kxe4 Rg2 48. Kd3 g5 49. Rd7 Kc6 50. Rg7 Bd6 51. Ra7 Kb6 52. Rd7 Kc6
53. Ra7 Kb6 54. Rd7 Bb8 55. Re7 g4 56. Re6+ Kb7 57. Re7+ Kc6 58. Rg7 g3 59.
Rg6+ Bd6 60. Ke3 a5 61. Rg5 Rh2 62. Rxa5 g2 63. Rg5 Rh3+ 64. Ke4 Rxb3 65. Rxg2
Rxb2 66. Kd3 Ra2 67. Rg8 b3 68. Nc3 Rh2 69. d5+ Kd7 70. Rg7+ Kc8 71. Nb5 Bb8
72. d6 b2 73. Rg1 Kd7 74. Rb1 Kc6 75. Kc3 Kxb5 1/2-1/2

[Event "First Saturday 2011 aprilis GM"]
[Site "Budapest"]
[Date "2011.04.02"]
[Round "1"]
[White "Kargin, Arseny"]
[Black "Rodriguez, Lopez.R"]
[Result "1/2-1/2"]
[WhiteElo "2400"]
[BlackElo "2317"]
[PlyCount "95"]
[EventDate "2011.04.02"]

1. e4 c5 2. Nf3 d6 3. d4 cxd4 4. Qxd4 Nc6 5. Bb5 Bd7 6. Bxc6 Bxc6 7. Nc3 e5 8.
Qd3 h6 9. Be3 Nf6 10. O-O-O a6 11. Qc4 Qc8 12. Nd2 b5 13. Qd3 Qb7 14. Nb3 a5
15. Nd5 Bxd5 16. exd5 a4 17. Nd2 Qxd5 18. Qxd5 Nxd5 19. Ne4 Nxe3 20. fxe3 Kd7
21. Rd5 f5 22. Nc3 b4 23. Nb5 b3 24. a3 Rc8 25. Nc3 Be7 26. Ra5 Bg5 27. Kd2 f4
28. exf4 Bxf4+ 29. Kd3 bxc2 30. Kxc2 Be3 31. Kd3 Bd4 32. Rxa4 Rhf8 33. Rd1 Rf2
34. Rd2 Rxd2+ 35. Kxd2 Rf8 36. Nd1 Ke6 37. Ra6 e4 38. Ke2 Rc8 39. Kd2 Ke5 40.
b4 d5 41. Ra5 Rc7 42. a4 Rc4 43. Rb5 Kd6 44. a5 Kc6 45. Rb8 Kc7 46. Rb5 Kc6 47.
Rb8 Kc7 48. Rb5 1/2-1/2

[Event "First Saturday 2011 aprilis GM"]
[Site "Budapest"]
[Date "2011.04.02"]
[Round "1"]
[White "Bindrich, Falko"]
[Black "Gonda, Laszlo"]
[Result "1-0"]
[WhiteElo "2523"]
[BlackElo "2548"]
[PlyCount "99"]
[EventDate "2011.04.02"]

1. e4 e5 2. Nf3 Nc6 3. Bb5 a6 4. Ba4 Nf6 5. O-O Be7 6. Re1 b5 7. Bb3 d6 8. c3
O-O 9. h3 Nd7 10. d4 Nb6 11. Nbd2 Bf6 12. Nf1 Re8 13. d5 Na5 14. Bc2 c6 15.
dxc6 Nxc6 16. Be3 Nc4 17. b3 Nxe3 18. Nxe3 Be6 19. b4 a5 20. a4 axb4 21. axb5
Rxa1 22. Qxa1 Na5 23. cxb4 Nc4 24. Qa6 Nb6 25. Rd1 Qc7 26. Qa3 Rc8 27. Qd3 Be7
28. Bb3 Qc3 29. Qxc3 Rxc3 30. Nd5 Bxd5 31. Bxd5 Kf8 32. Bc6 Rb3 33. Ra1 Rxb4
34. Ra7 Bd8 35. Rb7 h6 36. h4 f5 37. exf5 e4 38. Nd2 d5 39. g4 Rb2 40. Rb8 Ke7
41. Nf1 Bc7 42. Re8+ Kd6 43. g5 hxg5 44. hxg5 Nc4 45. f6 gxf6 46. g6 Bb6 47. g7
Bxf2+ 48. Kh1 Rb1 49. Kg2 Ne3+ 50. Nxe3 1-0

[Event "First Saturday 2011 aprilis GM"]
[Site "Budapest"]
[Date "2011.04.03"]
[Round "2"]
[White "Natsidis, Christoph"]
[Black "Gonda, Laszlo"]
[Result "1/2-1/2"]
[WhiteElo "2329"]
[BlackElo "2548"]
[PlyCount "42"]
[EventDate "2011.04.02"]

1. Nf3 c5 2. c4 g6 3. g3 Bg7 4. Bg2 Nc6 5. O-O e5 6. Nc3 d6 7. a3 a5 8. d3 Nge7
9. Ne1 Be6 10. Nd5 O-O 11. Nc2 Rb8 12. b4 axb4 13. axb4 cxb4 14. Ncxb4 Nxb4 15.
Nxb4 d5 16. Nxd5 Nxd5 17. cxd5 Bxd5 18. Bxd5 Qxd5 19. Rb1 Rfc8 20. Be3 b5 21.
Qb3 Qxb3 1/2-1/2

[Event "First Saturday 2011 aprilis GM"]
[Site "Budapest"]
[Date "2011.04.03"]
[Round "2"]
[White "Rodriguez, Lopez.R"]
[Black "Bindrich, Falko"]
[Result "1-0"]
[WhiteElo "2317"]
[BlackElo "2523"]
[PlyCount "81"]
[EventDate "2011.04.02"]

1. e4 e5 2. Nf3 Nc6 3. Bb5 a6 4. Ba4 Nf6 5. O-O Be7 6. Re1 b5 7. Bb3 d6 8. c3
O-O 9. h3 Nb8 10. d4 Nbd7 11. Nbd2 Bb7 12. Bc2 Re8 13. Nf1 Bf8 14. Ng3 g6 15.
a4 exd4 16. cxd4 c5 17. d5 c4 18. axb5 axb5 19. Rxa8 Qxa8 20. Nd4 Qa6 21. Bg5
Bg7 22. Re3 Bc8 23. Ngf5 gxf5 24. Nxf5 Ne5 25. Nxg7 Kxg7 26. Rg3 Ng6 27. Qd4
Re5 28. f4 Nh5 29. Rf3 Qa1+ 30. Rf1 Qa2 31. fxe5 dxe5 32. Qc3 Qa7+ 33. Be3 Qe7
34. Qd2 Nhf4 35. Kh2 Qh4 36. Qf2 Qh6 37. Qg3 Bd7 38. Bd1 f5 39. exf5 Bxf5 40.
Bg4 Be4 41. d6 1-0

[Event "First Saturday 2011 aprilis GM"]
[Site "Budapest"]
[Date "2011.04.03"]
[Round "2"]
[White "Antipov, Mikhail Al"]
[Black "Kargin, Arseny"]
[Result "1/2-1/2"]
[WhiteElo "2379"]
[BlackElo "2400"]
[PlyCount "56"]
[EventDate "2011.04.02"]

1. e4 c5 2. Nf3 d6 3. d4 cxd4 4. Nxd4 Nf6 5. Nc3 g6 6. Be3 Bg7 7. f3 Nc6 8. Qd2
O-O 9. O-O-O d5 10. exd5 Nxd5 11. Nxc6 bxc6 12. Bd4 Nxc3 13. Qxc3 Bh6+ 14. Be3
Bxe3+ 15. Qxe3 Qb6 16. Qxe7 Be6 17. Qf6 Rfd8 18. Bd3 Bxa2 19. Rhe1 Bd5 20. h4
c5 21. Qc3 Qb4 22. Qxb4 cxb4 23. Ba6 Be6 24. b3 Kf8 25. Kb2 Rxd1 26. Rxd1 Ke7
27. Rd4 Rb8 28. Bd3 Rb6 {after 16 move} 1/2-1/2

[Event "First Saturday 2011 aprilis GM"]
[Site "Budapest"]
[Date "2011.04.03"]
[Round "2"]
[White "Szabo, Bence"]
[Black "D'Costa, Lorin"]
[Result "1-0"]
[WhiteElo "2359"]
[BlackElo "2441"]
[PlyCount "53"]
[EventDate "2011.04.02"]

1. Nf3 Nf6 2. c4 e6 3. Nc3 Bb4 4. Qc2 c5 5. a3 Ba5 6. g3 Nc6 7. Bg2 O-O 8. O-O
d6 9. d3 h6 10. Rb1 Qe7 11. Na2 d5 12. b4 Bb6 13. b5 Nd4 14. Nxd4 cxd4 15. Bd2
Rd8 16. Bb4 Qe8 17. a4 dxc4 18. a5 Bc7 19. Qxc4 Be5 20. Bc5 Nd5 21. Bxd4 Nb6
22. Bxb6 axb6 23. a6 Ra7 24. axb7 Bxb7 25. Bxb7 Rxb7 26. Qe4 Ra7 27. Nb4 1-0

[Event "First Saturday 2011 aprilis GM"]
[Site "Budapest"]
[Date "2011.04.03"]
[Round "2"]
[White "Vajda, Levente"]
[Black "Tesik, Csaba"]
[Result "1-0"]
[WhiteElo "2508"]
[BlackElo "2299"]
[PlyCount "91"]
[EventDate "2011.04.02"]

1. e4 e5 2. Nf3 Nc6 3. d4 exd4 4. Nxd4 Bc5 5. Nb3 Bb6 6. a4 a6 7. Nc3 d6 8. Nd5
Ba7 9. Bd3 Nge7 10. Bg5 Be6 11. Qe2 Qd7 12. O-O-O O-O 13. h3 f6 14. Be3 Bxe3+
15. Qxe3 Ne5 16. Be2 Bxd5 17. exd5 Qxa4 18. g4 Rae8 19. Rd4 Qd7 20. Qd2 c5 21.
dxc6 Qxc6 22. Rd1 d5 23. h4 Rc8 24. Kb1 b5 25. Re1 Qb6 26. Bd1 N7c6 27. Rxd5
Rcd8 28. Rxd8 Rxd8 29. Qe2 Nd4 30. Nxd4 Qxd4 31. c3 Qf4 32. Bb3+ Kh8 33. Rd1
Re8 34. Rd4 Qh2 35. g5 fxg5 36. hxg5 Rf8 37. Ka2 Ng6 38. Qe6 a5 39. Rd3 Qxf2
40. Qxg6 a4 41. Bf7 Rxf7 42. Rh3 Qf5 43. Rxh7+ Kg8 44. Rxg7+ Kf8 45. Rxf7+
Qxf7+ 46. Qxf7+ 1-0

[Event "First Saturday 2011 aprilis GM"]
[Site "Budapest"]
[Date "2011.04.04"]
[Round "3"]
[White "D'Costa, Lorin"]
[Black "Vajda, Levente"]
[Result "1-0"]
[WhiteElo "2441"]
[BlackElo "2508"]
[PlyCount "67"]
[EventDate "2011.04.02"]

1. d4 Nf6 2. c4 c5 3. d5 e5 4. Nc3 d6 5. e4 Nbd7 6. g3 a6 7. a4 g6 8. Bg2 Bg7
9. Nf3 O-O 10. O-O Kh8 11. Ne1 Ng8 12. Nd3 Qe7 13. f4 f5 14. Kh1 Nh6 15. Bd2
Ng4 16. exf5 gxf5 17. h3 Ngf6 18. fxe5 Nxe5 19. Nxe5 dxe5 20. Be3 Bd7 21. Ra3
Rae8 22. Rb3 b6 23. Rxb6 f4 24. gxf4 exf4 25. Bxf4 Ng4 26. Rb7 Qh4 27. Rxd7
Rxf4 28. Rxf4 Re1+ 29. Qxe1 Qxe1+ 30. Bf1 Nf6 31. Rd8+ Ng8 32. d6 h6 33. Nd5
Qe6 34. Ne7 1-0

[Event "First Saturday 2011 aprilis GM"]
[Site "Budapest"]
[Date "2011.04.04"]
[Round "3"]
[White "Kargin, Arseny"]
[Black "Szabo, Bence"]
[Result "1-0"]
[WhiteElo "2400"]
[BlackElo "2359"]
[PlyCount "71"]
[EventDate "2011.04.02"]

1. e4 c5 2. Nf3 d6 3. d4 cxd4 4. Nxd4 Nf6 5. Nc3 a6 6. Be3 e5 7. Nf3 Be7 8. Bc4
O-O 9. O-O Be6 10. Qe2 Bxc4 11. Qxc4 b5 12. Qe2 Nbd7 13. Rfd1 Qc7 14. a3 Rfc8
15. Bg5 Nb6 16. g3 Ne8 17. Be3 Nf6 18. Bxb6 Qxb6 19. Nh4 Qc6 20. Nf5 Bf8 21.
Qd3 Rab8 22. Ra2 a5 23. Ne3 Nd7 24. Qe2 Nc5 25. Qg4 Qd7 26. Nf5 Qe6 27. Rxd6
Qxd6 28. Nxd6 Bxd6 29. Nd5 Ne6 30. c3 b4 31. axb4 axb4 32. Kg2 bxc3 33. bxc3
Rc6 34. Ra7 Bc5 35. Qf5 Nd8 36. Qxe5 1-0

[Event "First Saturday 2011 aprilis GM"]
[Site "Budapest"]
[Date "2011.04.04"]
[Round "3"]
[White "Bindrich, Falko"]
[Black "Antipov, Mikhail Al"]
[Result "1/2-1/2"]
[WhiteElo "2523"]
[BlackElo "2379"]
[PlyCount "136"]
[EventDate "2011.04.02"]

1. c4 c6 2. e4 d5 3. exd5 cxd5 4. d4 Nf6 5. Nc3 Nc6 6. Bg5 dxc4 7. d5 Na5 8.
Nf3 a6 9. Qd4 b5 10. O-O-O h6 11. Bf4 Bf5 12. Qe5 Qd7 13. Nd4 Bh7 14. Nc6 Ng4
15. Qe2 Qf5 16. Qd2 Nxc6 17. dxc6 e5 18. Bg3 Be7 19. Qd7+ Qxd7 20. cxd7+ Kd8
21. h4 Bc5 22. Rd2 Ra7 23. a4 f6 24. f3 Be3 25. fxg4 Rxd7 26. Be1 Kc8 27. g3
Rhd8 28. Rhh2 Bd3 29. Bxd3 Rxd3 30. axb5 axb5 31. Nxb5 Bxd2+ 32. Rxd2 Rxd2 33.
Bxd2 Rd3 34. Be1 Kd7 35. Nc3 Rd4 36. g5 hxg5 37. hxg5 f5 38. Ne2 Rd3 39. Kc2
Kc6 40. Bc3 Kd5 41. b3 Rf3 42. bxc4+ Kxc4 43. Kd2 Kd5 44. Bb2 g6 45. Nc3+ Ke6
46. Ne2 Kd6 47. Ba1 Kd5 48. Nc3+ Kc4 49. Ne2 Rd3+ 50. Kc2 Rf3 51. Kd2 Rd3+ 52.
Kc2 Re3 53. Kd2 Re4 54. Ng1 Kd5 55. Nf3 Ra4 56. Bc3 Ra2+ 57. Ke3 Ra3 58. Kd2
Ke4 59. Nh4 Ra2+ 60. Kd1 Ra6 61. Ke2 Ra3 62. Kd2 Ra2+ 63. Kd1 f4 64. gxf4 exf4
65. Nxg6 f3 66. Ke1 Rc2 67. Bd2 f2+ 68. Kxf2 Rxd2+ 1/2-1/2

[Event "First Saturday 2011 aprilis GM"]
[Site "Budapest"]
[Date "2011.04.04"]
[Round "3"]
[White "Gonda, Laszlo"]
[Black "Rodriguez, Lopez.R"]
[Result "1-0"]
[WhiteElo "2548"]
[BlackElo "2317"]
[PlyCount "95"]
[EventDate "2011.04.02"]

1. Nf3 c5 2. c4 Nc6 3. g3 g6 4. Bg2 Bg7 5. Nc3 e6 6. d3 Nge7 7. Bg5 h6 8. Bd2
O-O 9. Qc1 Kh7 10. h4 d5 11. Qc2 Kg8 12. a3 b6 13. Rb1 Bb7 14. O-O Rc8 15. Qc1
Kh7 16. h5 g5 17. b4 Nd4 18. bxc5 Nxf3+ 19. Bxf3 Rxc5 20. Qc2 Kg8 21. Rfc1 Qd7
22. Na4 Rcc8 23. Bc3 Bxc3 24. Nxc3 dxc4 25. Bxb7 Qxb7 26. Ne4 cxd3 27. Nf6+ Kh8
28. Qxd3 Nf5 29. Rxc8 Rxc8 30. Rd1 Qe7 31. Ng4 Rc6 32. e4 Rd6 33. Qc3+ e5 34.
Rxd6 Nxd6 35. Nxe5 Kh7 36. Ng4 Nxe4 37. Qd4 f5 38. Ne3 Qe6 39. Nd5 Kg8 40. Nc7
Qd6 41. Qc4+ Kf8 42. Ne6+ Ke7 43. Nd4 Qc5 44. Qe6+ Kd8 45. Qg8+ Ke7 46. Qh7+
Kf6 47. Qg6+ Ke5 48. Nf3+ 1-0

[Event "First Saturday 2011 aprilis GM"]
[Site "Budapest"]
[Date "2011.04.05"]
[Round "4"]
[White "Natsidis, Christoph"]
[Black "Rodriguez, Lopez.R"]
[Result "1-0"]
[WhiteElo "2329"]
[BlackElo "2317"]
[PlyCount "61"]
[EventDate "2011.04.02"]

1. d4 Nf6 2. Nf3 e6 3. g3 b5 4. Bg2 d5 5. c3 Nbd7 6. O-O Bb7 7. Bf4 c5 8. a4 a6
9. axb5 axb5 10. Rxa8 Qxa8 11. Na3 Bc6 12. Qa1 Qb7 13. dxc5 Bxc5 14. b4 Bb6 15.
Nd4 O-O 16. Ndxb5 Ra8 17. Nd4 Bxd4 18. cxd4 Qxb4 19. Qc1 Ra6 20. Nc2 Qc4 21.
Rd1 Bb5 22. Bf1 Ra2 23. e3 Rxc2 24. Qb1 Re2 25. Rc1 Qd3 26. Rc8+ Nf8 27. Bd6
N6d7 28. Bxf8 Nxf8 29. Qb4 h5 30. Qxf8+ Kh7 31. Qxf7 1-0

[Event "First Saturday 2011 aprilis GM"]
[Site "Budapest"]
[Date "2011.04.05"]
[Round "4"]
[White "Antipov, Mikhail Al"]
[Black "Gonda, Laszlo"]
[Result "0-1"]
[WhiteElo "2379"]
[BlackElo "2548"]
[PlyCount "64"]
[EventDate "2011.04.02"]

1. e4 e6 2. d4 d5 3. Nc3 Bb4 4. e5 Ne7 5. a3 Bxc3+ 6. bxc3 b6 7. Qg4 Ng6 8. h4
h5 9. Qg3 Ba6 10. Bxa6 Nxa6 11. Qd3 Nb8 12. Bg5 Qc8 13. a4 Qa6 14. Qxa6 Nxa6
15. a5 b5 16. Ne2 Rb8 17. Kd2 c5 18. Rhb1 Kd7 19. g3 Rhc8 20. Rb2 b4 21. cxb4
cxd4 22. Bf4 Nxb4 23. Nxd4 Nc6 24. Rxb8 Rxb8 25. Nxc6 Kxc6 26. Kc3 a6 27. Ra4
Rb5 28. Kd4 Rb2 29. c4 Ne7 30. Be3 Rb3 31. cxd5+ exd5 32. e6 f6 0-1

[Event "First Saturday 2011 aprilis GM"]
[Site "Budapest"]
[Date "2011.04.05"]
[Round "4"]
[White "Szabo, Bence"]
[Black "Bindrich, Falko"]
[Result "1/2-1/2"]
[WhiteElo "2359"]
[BlackElo "2523"]
[PlyCount "69"]
[EventDate "2011.04.02"]

1. d4 Nf6 2. c4 e6 3. Nc3 Bb4 4. Qc2 c5 5. dxc5 O-O 6. a3 Bxc5 7. Nf3 Nc6 8.
Bf4 e5 9. Bg5 h6 10. Bh4 Be7 11. Rd1 b6 12. e3 d6 13. Be2 Be6 14. O-O Rc8 15.
Qa4 Qd7 16. Rd2 Rfd8 17. Qd1 Qb7 18. Ne1 a6 19. Bxf6 Bxf6 20. Nd5 Bxd5 21. Rxd5
e4 22. b3 Be5 23. f4 Bf6 24. Nc2 b5 25. cxb5 Ne7 26. Rh5 axb5 27. Rxb5 Qc7 28.
Nb4 Qa7 29. Bc4 Qxe3+ 30. Kh1 Qd4 31. Nd5 Nxd5 32. Rxd5 Qxd1 33. Rfxd1 Bc3 34.
Rc1 Bb2 35. Re1 1/2-1/2

[Event "First Saturday 2011 aprilis GM"]
[Site "Budapest"]
[Date "2011.04.05"]
[Round "4"]
[White "Tesik, Csaba"]
[Black "D'Costa, Lorin"]
[Result "0-1"]
[WhiteElo "2299"]
[BlackElo "2441"]
[PlyCount "104"]
[EventDate "2011.04.02"]

1. e4 c5 2. Nf3 Nc6 3. d4 cxd4 4. Nxd4 Qb6 5. Nb3 Nf6 6. Nc3 e6 7. Qe2 Bb4 8.
Bd2 O-O 9. a3 Be7 10. e5 Ne8 11. O-O-O a6 12. f4 Qc7 13. g4 b5 14. Bg2 Rb8 15.
Rhf1 b4 16. axb4 Bxb4 17. Rf3 Na5 18. Rh3 Nxb3+ 19. cxb3 d6 20. Be4 g6 21. f5
exf5 22. gxf5 Ng7 23. Kb1 Bxc3 24. Rxc3 Qb6 25. Be3 Qa5 26. f6 Qxe5 27. Bd4
Qxe4+ 28. Qxe4 Bf5 29. Qxf5 Nxf5 30. Rcd3 Rfe8 31. R1d2 Re6 32. Bc3 Rxb3 33.
Rd5 Rb6 34. Ra5 h5 35. Rg2 Kh7 36. Rxf5 gxf5 37. Rg7+ Kh8 38. Rxf7 Rb8 39. Rb7
Rf8 40. Re7 Rexf6 41. Re6 Kg7 42. Rxd6 Kg6 43. Bxf6 Rxf6 44. Rd2 f4 45. Kc1 f3
46. Rf2 Kg5 47. Kd2 Kf4 48. Ke1 Rc6 49. Kd2 Rg6 50. Ke1 Rg1+ 51. Kd2 Rg2 52.
Ke1 Ke3 0-1

[Event "First Saturday 2011 aprilis GM"]
[Site "Budapest"]
[Date "2011.04.06"]
[Round "5"]
[White "D'Costa, Lorin"]
[Black "Natsidis, Christoph"]
[Result "1-0"]
[WhiteElo "2441"]
[BlackElo "2329"]
[PlyCount "53"]
[EventDate "2011.04.02"]

1. d4 Nf6 2. c4 e6 3. g3 d5 4. Bg2 dxc4 5. Nf3 a6 6. O-O b5 7. Ne5 Nd5 8. a4
Bb7 9. e4 Nf6 10. axb5 axb5 11. Rxa8 Bxa8 12. Nc3 c6 13. d5 Bd6 14. Ng4 exd5
15. Bg5 b4 16. e5 Bxe5 17. Re1 O-O 18. Rxe5 bxc3 19. bxc3 Nbd7 20. Rf5 Qc8 21.
Bxf6 Nxf6 22. Nxf6+ gxf6 23. Bh3 Qc7 24. Qg4+ Kh8 25. Qh4 Qe7 26. Rh5 Qe1+ 27.
Bf1 1-0

[Event "First Saturday 2011 aprilis GM"]
[Site "Budapest"]
[Date "2011.04.06"]
[Round "5"]
[White "Kargin, Arseny"]
[Black "Tesik, Csaba"]
[Result "1-0"]
[WhiteElo "2400"]
[BlackElo "2299"]
[PlyCount "71"]
[EventDate "2011.04.02"]

1. e4 e5 2. Nf3 Nc6 3. Bb5 Nf6 4. O-O Bc5 5. c3 O-O 6. d4 Bb6 7. Bg5 h6 8. Bh4
d6 9. Qd3 Bd7 10. Nbd2 a6 11. Bxc6 Bxc6 12. Rfe1 Qe7 13. a4 Ba7 14. b3 Rfe8 15.
h3 Rad8 16. b4 Kh8 17. b5 Bd7 18. bxa6 bxa6 19. Qxa6 Ra8 20. Qd3 g5 21. Bg3 Nh5
22. Nf1 f6 23. Ne3 Nf4 24. Bxf4 gxf4 25. Nf5 Qh7 26. N3h4 Rg8 27. a5 Rg5 28.
Rab1 Rag8 29. Rb7 Bxf5 30. exf5 d5 31. Ng6+ R5xg6 32. fxg6 Rxg6 33. Qf3 Qg7 34.
Rxa7 e4 35. Qxf4 Rxg2+ 36. Kh1 1-0

[Event "First Saturday 2011 aprilis GM"]
[Site "Budapest"]
[Date "2011.04.06"]
[Round "5"]
[White "Bindrich, Falko"]
[Black "Vajda, Levente"]
[Result "1-0"]
[WhiteElo "2523"]
[BlackElo "2508"]
[PlyCount "77"]
[EventDate "2011.04.02"]

1. e4 e5 2. Nf3 Nc6 3. Bb5 a6 4. Ba4 Nf6 5. O-O Be7 6. Re1 b5 7. Bb3 O-O 8. h3
Bb7 9. d3 d6 10. a3 Qd7 11. Nbd2 Nd8 12. c3 Ne6 13. d4 exd4 14. Nxd4 c5 15. Nf5
g6 16. Nxe7+ Qxe7 17. Bc2 d5 18. exd5 Bxd5 19. Ne4 Bxe4 20. Bxe4 Nxe4 21. Rxe4
Rad8 22. Qe2 Rfe8 23. Qe1 Qf8 24. a4 c4 25. axb5 axb5 26. Be3 Nc5 27. Rxe8 Rxe8
28. Qd1 Nd3 29. Qf3 Qd6 30. Bd4 Kf8 31. g3 Ne5 32. Qb7 Qd7 33. Qe4 Nc6 34. Bc5+
Kg7 35. Qg2 Re5 36. Be3 Rd5 37. Kh2 h5 38. Ra6 h4 39. gxh4 1-0

[Event "First Saturday 2011 aprilis GM"]
[Site "Budapest"]
[Date "2011.04.06"]
[Round "5"]
[White "Gonda, Laszlo"]
[Black "Szabo, Bence"]
[Result "1-0"]
[WhiteElo "2548"]
[BlackElo "2359"]
[PlyCount "51"]
[EventDate "2011.04.02"]

1. d4 Nf6 2. c4 e6 3. Nf3 b6 4. g3 Ba6 5. Nbd2 Bb7 6. Bg2 c5 7. e4 cxd4 8. O-O
d6 9. Nxd4 a6 10. Re1 Qc7 11. a4 Nbd7 12. a5 Be7 13. N2b3 Rb8 14. axb6 Nxb6 15.
Na5 Ba8 16. e5 dxe5 17. Ndc6 Rc8 18. b3 Bd6 19. b4 Nbd7 20. c5 Bf8 21. Qe2 g6
22. Qxa6 Bg7 23. Na7 Bxg2 24. Qxc8+ Qxc8 25. Nxc8 Bd5 26. c6 1-0

[Event "First Saturday 2011 aprilis GM"]
[Site "Budapest"]
[Date "2011.04.06"]
[Round "5"]
[White "Rodriguez, Lopez.R"]
[Black "Antipov, Mikhail Al"]
[Result "1-0"]
[WhiteElo "2317"]
[BlackElo "2379"]
[PlyCount "55"]
[EventDate "2011.04.02"]

1. e4 c5 2. Nf3 d6 3. d4 cxd4 4. Nxd4 Nf6 5. Nc3 a6 6. Be3 e6 7. f3 b5 8. Qd2
Bb7 9. g4 b4 10. Nce2 d5 11. g5 Nfd7 12. exd5 Bxd5 13. Nf4 Nb6 14. Nxd5 Nxd5
15. O-O-O Nd7 16. Bh3 Bc5 17. Rhe1 Nxe3 18. Rxe3 O-O 19. f4 Nb6 20. Rd3 Qe8 21.
f5 exf5 22. Nxf5 Qb5 23. Qf4 Ra7 24. Qe5 f6 25. Qe6+ Kh8 26. gxf6 gxf6 27. Rd8
Nd7 28. R1xd7 1-0

[Event "First Saturday 2011 aprilis GM"]
[Site "Budapest"]
[Date "2011.04.07"]
[Round "6"]
[White "Natsidis, Christoph"]
[Black "Antipov, Mikhail Al"]
[Result "1-0"]
[WhiteElo "2329"]
[BlackElo "2379"]
[PlyCount "71"]
[EventDate "2011.04.02"]

1. d4 Nf6 2. c4 c6 3. Nf3 d5 4. Nc3 e6 5. g3 dxc4 6. Bg2 b5 7. O-O Bb7 8. e4
Nbd7 9. e5 Nd5 10. Ng5 Nxc3 11. bxc3 Be7 12. Qh5 Bxg5 13. Bxg5 Qc7 14. f4 Nf8
15. a4 h6 16. f5 exf5 17. Be3 g6 18. Qf3 a6 19. g4 fxg4 20. Qxg4 Qd7 21. Qf3
Ne6 22. Qf6 Rh7 23. axb5 axb5 24. Rxa8+ Bxa8 25. Ra1 Bb7 26. Ra7 Nd8 27. h4 Kf8
28. h5 Kg8 29. Kh2 Rg7 30. Bh3 Qd5 31. Bxh6 Rh7 32. Rxb7 Nxb7 33. hxg6 Rxh6 34.
gxf7+ Qxf7 35. Qxh6 Qf2+ 36. Kh1 {after 44 move} 1-0

[Event "First Saturday 2011 aprilis GM"]
[Site "Budapest"]
[Date "2011.04.07"]
[Round "6"]
[White "Szabo, Bence"]
[Black "Rodriguez, Lopez.R"]
[Result "0-1"]
[WhiteElo "2359"]
[BlackElo "2317"]
[PlyCount "112"]
[EventDate "2011.04.02"]

1. Nf3 c5 2. c4 Nc6 3. d4 cxd4 4. Nxd4 Nf6 5. g3 Qb6 6. Nc2 Ne5 7. b3 Qc6 8. f3
d6 9. Bg2 e6 10. Bb2 Be7 11. Nc3 a6 12. O-O Qc7 13. e4 h5 14. h3 Bd7 15. f4
Qb6+ 16. Qd4 Qxd4+ 17. Nxd4 Nd3 18. Ba3 Rc8 19. Rad1 Nc5 20. Kh2 Rc7 21. Rf2 g6
22. Rfd2 Bc8 23. e5 dxe5 24. fxe5 Nfd7 25. b4 Nxe5 26. bxc5 Nxc4 27. Bb4 Nxd2
28. Rxd2 Bxc5 29. Nc6 Rd7 30. Bxc5 Rxd2 31. Na7 b6 32. Be3 Rxg2+ 33. Kxg2 Bb7+
34. Kf2 b5 35. Nb1 f6 36. Nd2 Rh7 37. Nb3 Bd5 38. Ke2 Bxb3 39. axb3 Kd7 40. Bb6
Rh8 41. Kd3 Rb8 42. Bc5 Rb7 43. Kc3 a5 44. Kd4 a4 45. bxa4 bxa4 46. Kc4 a3 47.
Nb5 a2 48. Bd4 e5 49. Bc3 Rb8 50. Ba1 Kc6 51. Na7+ Kb6 52. Nb5 Ka5 53. Na3 Rb1
54. Nc2 Kb6 55. Kc3 Kc5 56. Bb2 Rg1 0-1

[Event "First Saturday 2011 aprilis GM"]
[Site "Budapest"]
[Date "2011.04.07"]
[Round "6"]
[White "Vajda, Levente"]
[Black "Gonda, Laszlo"]
[Result "1/2-1/2"]
[WhiteElo "2508"]
[BlackElo "2548"]
[PlyCount "30"]
[EventDate "2011.04.02"]

1. e4 e6 2. d4 d5 3. exd5 exd5 4. Nf3 Nf6 5. Be2 Bd6 6. O-O O-O 7. Bg5 h6 8.
Bh4 Bf5 9. Nbd2 Nbd7 10. c4 dxc4 11. Nxc4 Be7 12. Nce5 Nd5 13. Bg3 Nxe5 14.
Nxe5 c6 15. a3 Bd6 1/2-1/2

[Event "First Saturday 2011 aprilis GM"]
[Site "Budapest"]
[Date "2011.04.07"]
[Round "6"]
[White "D'Costa, Lorin"]
[Black "Kargin, Arseny"]
[Result "1/2-1/2"]
[WhiteElo "2441"]
[BlackElo "2400"]
[PlyCount "88"]
[EventDate "2011.04.02"]

1. c4 e5 2. g3 c6 3. d4 e4 4. d5 Nf6 5. Nc3 Bb4 6. Bd2 Qe7 7. a3 Bc5 8. e3 d6
9. h3 Bf5 10. Qc2 Bg6 11. Nge2 h5 12. Nf4 Bf5 13. Be2 Nbd7 14. O-O-O O-O-O 15.
b4 Bb6 16. dxc6 bxc6 17. b5 g5 18. bxc6 gxf4 19. cxd7+ Qxd7 20. gxf4 Bxh3 21.
Na4 Bg4 22. Nxb6+ axb6 23. Bc3 Rh6 24. Bxf6 Rxf6 25. Bxg4 hxg4 26. Qxe4 Qa4 27.
Kb2 Re6 28. Qd4 Kc7 29. Rh7 Rd7 30. Rd3 Re8 31. Qd5 Rf8 32. Qb5 Qa8 33. Rb3 Kd8
34. Qd5 Kc7 35. Qxa8 Rxa8 36. Rb5 Kc6 37. Rg5 Rda7 38. Kc3 Rxa3+ 39. Kd4 Ra2
40. Rxf7 Rd2+ 41. Kc3 Raa2 42. Rgg7 Rac2+ 43. Kb3 Rb2+ 44. Kc3 Rbc2+ 1/2-1/2